Dôchodková reforma a jej vplyv na verejné financie bakalárska práca

Guardado en:
Detalles Bibliográficos
Autor principal: Kusenda, Michal
Autor Corporativo: Národohospodárska fakulta EU. Katedra financií
Otros Autores: Kristeľ, Marián
Formato: Libro
Lenguaje:eslovaco
Publicado: Bratislava 2009
Etiquetas: Agregar Etiqueta
Sin Etiquetas, Sea el primero en etiquetar este registro!

MARC

LEADER 00000nam$a2200000$$$4500
001 0103497
005 20240318141243.4
041 0 |a slo 
044 |a SK 
245 1 0 |a Dôchodková reforma a jej vplyv na verejné financie  |b bakalárska práca  |c Michal Kusenda ; škol. Marián Kristeľ 
264 1 |a Bratislava  |c 2009 
300 |a 60 s. 
100 1 |a Kusenda, Michal 
700 1 |a Kristeľ, Marián 
710 2 |a Národohospodárska fakulta EU. Katedra financií